[Event "45th Olympiad 2024"]
[Site "Budapest HUN"]
[Date "2024.09.14"]
[Round "4.58"]
[Board "4"]
[White "Al Mashikhi, Mohammed Alyan"]
[Black "Alothman, Ali Layth Ahmed"]
[Result "0-1"]
[WhiteElo "1959"]
[BlackElo "2161"]
[PlyCount "78"]
[EventDate "2024.09.11"]
[WhiteTeam "Oman"]
[BlackTeam "Iraq"]
[WhiteTeamCountry "OMN"]
[BlackTeamCountry "IRQ"]

1. e4 c6 2. d4 d5 3. exd5 cxd5 4. Bd3 Nc6 5. c3 Nf6 6. Bf4 Bg4 7. Qb3 Qd7 8. Nd2 e6 9. Ngf3 Bd6 10. Bxd6 Qxd6 11. O-O O-O 12. Rfe1 Ne7 13. Ne5 Bf5 14. Bxf5 ({RR} 14. a4 Bxd3 15. Nxd3 Rab8 16. a5 Ng6 17. g3 Rfc8 18. Qb4 Qxb4 19. Nxb4 Ne7 20. Nd3 Nf5 21. Ra4 Nd6 22. Kf1 Rc7 23. Ke2 g6 24. Rb4 Kg7 25. Ra1 Nfe4 26. Nxe4 Nxe4 27. Ra3 Nd6 28. Nc5 Re8 {½-½ Carlsen,M (2863)-Firouzja,A (2728) Saint Louis Blitz 2020 (16)}) 14... Nxf5 15. Qd1 ({RR} 15. Qxb7 Rab8 16. Qxa7 Rxb2 17. Nb3 Ne4 18. Rxe4 Rxb3 19. axb3 dxe4 20. b4 e3 21. fxe3 Nxe3 22. Qc5 Qd5 23. Qxd5 Nxd5 24. Nc6 Nxc3 25. Ra3 Nd5 26. b5 g6 27. Kf1 f5 28. Rb3 Nb6 29. Ra3 Nd5 {½-½ Ismayilova,K (1907)-Xiong,L (1984) Cherry Blossom Classic 2024 (7.16)}) 15... Qc7 $146 ({RR} 15... b5 16. Nb3 b4 17. Nc5 bxc3 18. bxc3 Rab8 19. Qa4 Ra8 20. Rab1 Rfb8 21. g4 Nh4 22. Rxb8+ Qxb8 23. Qb3 Nxg4 24. Nxg4 Nf3+ 25. Kh1 Nxe1 26. Qd1 Qf4 27. Qxe1 Qf3+ {0-1 Samadashvili,M (2215)-Lee,A (1972) USA-ch U20 Girls 2021 (7)}) 16. g4 Nd6 17. Re3 Nfe4 18. Nxe4 Nxe4 19. f3 Nd6 20. Qe1 b5 21. Qh4 b4 22. f4 bxc3 23. Rh3 h6 24. bxc3 Rab8 25. g5 Nf5 26. Qg4 g6 27. gxh6 Kh7 28. Kh1 Rb7 29. Rg1 Rg8 30. Qg5 Nd6 31. Ng4 Ne4 32. Nf6+ Nxf6 33. Qxf6 Qc4 34. Re3 Qc7 35. f5 exf5 36. Re8 Qf4 37. Rge1 Rb2 38. Qxf7+ Kxh6 39. Qxg6+ Rxg6 0-1

[Event "45th Olympiad 2024"]
[Site "Budapest HUN"]
[Date "2024.09.14"]
[Round "4.59"]
[Board "1"]
[White "Pereira, Sergio"]
[Black "Christie, Joshua"]
[Result "0-1"]
[WhiteElo "1988"]
[BlackElo "2271"]
[PlyCount "84"]
[EventDate "2024.09.11"]
[WhiteTeam "Sao Tome and Principe"]
[BlackTeam "Jamaica"]
[WhiteTeamCountry "SAO"]
[BlackTeamCountry "JAM"]

1. e4 e6 2. d4 d5 3. exd5 exd5 4. Nf3 Nf6 5. Bd3 Bd6 6. Qe2+ Be6 7. Ng5 Qe7 8. Nxe6 fxe6 9. O-O Nc6 10. c3 e5 ({RR} 10... O-O-O 11. f4 Rhf8 12. Nd2 g5 13. fxg5 Nd7 14. Nf3 e5 15. dxe5 Ndxe5 16. Nxe5 Nxe5 17. Bd2 h6 18. g6 Qh4 19. Bf5+ Kb8 20. g3 Qe7 21. Bxh6 Rh8 22. Bf4 Rdf8 23. Bxe5 Bxe5 24. Rae1 Re8 25. Kg2 {0-1 Kotyk,M (2127)-Zverev,L (2416) Titled Tue 4th Jun Late 2024 (7)}) 11. dxe5 Nxe5 12. Nd2 O-O-O $146 ({RR} 12... Nxd3 13. Qxd3 O-O 14. Nf3 c6 15. Re1 Qc7 16. c4 h6 17. Be3 dxc4 18. Qxc4+ Qf7 19. Qc2 Qh5 20. h3 Nd5 21. Nd4 Qe5 22. g3 Nxe3 23. Qb3+ Kh8 24. Qxe3 Qxe3 25. Rxe3 Bc5 26. Rd3 Rad8 27. Rad1 {1-0 Salinas Herrera,P (2514)-Jarmula,L (2457) Titled Tue 22nd Nov Early 2022 (7)}) 13. Bf5+ Kb8 14. f4 Bc5+ 15. Kh1 Nc6 16. Qxe7 Nxe7 17. Be6 g6 18. b4 Bb6 19. Bb2 Rhf8 20. Rae1 Nf5 21. c4 Bd4 22. Bxd4 Nxd4 23. f5 dxc4 24. Nxc4 Rde8 25. Re3 Ng4 26. Re4 Nxf5 27. Kg1 Nf6 28. Ree1 Nd4 29. Bh3 Ne2+ 30. Kh1 Nf4 31. Rxe8+ Rxe8 32. g3 Nxh3 33. Rxf6 g5 34. Ne5 a5 35. Rf8 Rxf8 36. Nd7+ Kc8 37. Nxf8 axb4 38. Kg2 g4 39. Nxh7 c5 40. Nf6 c4 41. Nxg4 b3 42. Ne3 b2 0-1

[Event "45th Olympiad 2024"]
[Site "Budapest HUN"]
[Date "2024.09.14"]
[Round "4.59"]
[Board "2"]
[White "Smith, Shreyas"]
[Black "Espirito Santo, Waldyr"]
[Result "1-0"]
[WhiteElo "2226"]
[BlackElo "1926"]
[PlyCount "87"]
[EventDate "2024.09.11"]
[WhiteTeam "Jamaica"]
[BlackTeam "Sao Tome and Principe"]
[WhiteTeamCountry "JAM"]
[BlackTeamCountry "SAO"]

1. e4 e6 2. d4 d5 3. e5 c5 4. c3 Nc6 5. Nf3 cxd4 6. cxd4 Qb6 7. Nc3 Bd7 8. Be2 Nge7 9. O-O Nf5 10. Na4 Qc7 11. g4 Nfe7 12. Be3 Ng6 ({RR} 12... h5 13. h3 hxg4 14. hxg4 Ng6 15. Rc1 Be7 16. Kg2 O-O-O 17. a3 f6 18. b4 fxe5 19. dxe5 Ngxe5 20. Bf4 Bd6 21. Bxe5 Bxe5 22. b5 Bd6 23. bxc6 Bxc6 24. Bb5 Kb8 25. Bxc6 bxc6 26. Qe2 e5 27. Qa6 {1-0 Xiong,J (2693)-Cremisi,D (2170) Titled Tue 18th Jul Late 2023 (2)}) ({RR} 12... h5 13. h3 hxg4 14. hxg4 Ng6 15. Rc1 Nh4 16. Nxh4 Rxh4 17. Kg2 Be7 18. Rh1 Rxh1 19. Qxh1 O-O-O 20. Qh7 Bf8 21. Nc5 Kb8 22. Nxd7+ Qxd7 23. Bb5 Rc8 24. Qg8 Qe8 25. Bxc6 Rxc6 26. Rxc6 bxc6 27. b4 {½-½ Ruiz Aguilar,P (2227)-Floresvillar Gonzalez,L (2043) Titled Tue 6th Jun Early 2023 (4)}) 13. Rc1 Rc8 14. a3 $146 ({RR} 14. h4 Be7 15. h5 Nh4 16. Nxh4 Bxh4 17. Kg2 Be7 18. a3 f6 19. f4 O-O 20. Nc3 fxe5 21. dxe5 Qd8 22. b4 d4 23. b5 dxe3 24. bxc6 Bxc6+ 25. Kh3 Qxd1 26. Nxd1 Bg2+ 27. Kxg2 Rxc1 28. Kf3 Bxa3 {0-1 Heczko,M (1942)-Incedi,A (2157) Pobeskydy Alpress 16th 2005 (7)}) 14... Qb8 15. b4 Be7 16. Nc5 Bxc5 17. Rxc5 O-O 18. Bd3 Nce7 19. h4 Rxc5 20. bxc5 f5 21. exf6 Rxf6 22. Bg5 Rf7 23. h5 Nf4 24. Bxe7 Rxe7 25. Ne5 Nxd3 26. Qxd3 Qe8 27. Re1 Bb5 28. Qe3 Qf8 29. Qg3 Be8 30. Re3 Qf6 31. Rf3 Qg5 32. Rf4 Rc7 33. Qf3 Qe7 34. Kh2 Qh4+ 35. Kg2 Qe7 36. Kh3 b6 37. c6 b5 38. g5 g6 39. h6 a5 40. Ng4 Rc8 41. Nf6+ Kh8 42. Nxd5 Bxc6 43. Nxe7 Bxf3 44. Nxc8 1-0

[Event "45th Olympiad 2024"]
[Site "Budapest HUN"]
[Date "2024.09.14"]
[Round "4.59"]
[Board "3"]
[White "Nascimento Admilton de Ceita dos Santos"]
[Black "Shaw, Jaden"]
[Result "0-1"]
[WhiteElo "1908"]
[BlackElo "2051"]
[PlyCount "93"]
[EventDate "2024.09.11"]
[WhiteTeam "Sao Tome and Principe"]
[BlackTeam "Jamaica"]
[WhiteTeamCountry "SAO"]
[BlackTeamCountry "JAM"]

1. d4 Nf6 2. Bf4 d5 3. e3 c5 4. c3 Nc6 5. Nd2 Bf5 6. Ngf3 Qb6 7. Qb3 c4 8. Qxb6 axb6 9. Nh4 ({RR} 9. a3 h6 10. Be2 b5 11. O-O e6 12. Ne5 Nxe5 13. dxe5 Nd7 14. Nf3 Bg4 15. Nd4 Bxe2 16. Nxe2 Nc5 17. Nd4 Ra5 18. Bg3 Be7 19. f3 O-O 20. Rad1 Nd3 21. Rd2 Bc5 22. Bh4 Ra6 23. f4 f6 {½-½ Eljanov,P (2717)-Bluebaum,M (2588) Wch Blitz 9th 2015 (19)}) 9... Bd7 ({RR} 9... Bg6 10. Nxg6 hxg6 11. Bc7 b5 12. Be2 e6 13. Bf4 b4 14. e4 bxc3 15. bxc3 Ra3 16. e5 Nd7 17. Nb1 Ra5 18. O-O b5 19. Nd2 Nb6 20. Rfc1 Kd7 21. Bd1 Ba3 22. Rc2 Rha8 23. Nb1 Be7 24. Bc1 {0-1 Beekhy,A (1600)-Reifer-Belle,C (1736) Olympiad Women 2024 (4.66)}) 10. h3 $146 ({RR} 10. a3 Nh5 11. Bg3 Nxg3 12. hxg3 b5 13. Rc1 e5 14. dxe5 Nxe5 15. Nhf3 Nc6 16. Be2 Bd6 17. Bd1 O-O 18. Bc2 h6 19. O-O Rfe8 20. Rfe1 Bc5 21. Nd4 Nxd4 22. exd4 Bd6 23. Rxe8+ Rxe8 24. Kf1 f6 {½-½ Spata,G (2257)-Kovalev,D (2487) Titled Tuesday intern op 20th Oct blitz 2020 (4)}) ({RR} 10. e4 e6 11. e5 Nh5 12. Bg3 b5 13. Be2 Nxg3 14. hxg3 b4 15. f4 bxc3 16. bxc3 Ra3 17. Nb1 Ra8 18. g4 Be7 19. Bf3 b5 20. f5 b4 21. fxe6 fxe6 22. Ng6 Rg8 23. Nxe7 Kxe7 24. cxb4 Nxd4 {1-0 Jaskolka,T (2220)-Wiwatanadate,P (2035) Titled Tuesday intern op 30th Mar blitz 2021 (11)}) 10... h6 11. Bc7 b5 12. g4 e6 13. Bg2 b4 14. O-O Be7 15. Nhf3 O-O 16. Ne5 Rfc8 17. Nxc6 Bxc6 18. Bh2 bxc3 19. bxc3 Ra7 20. Rfb1 b5 21. Nf1 Rca8 22. Rb2 Ba3 23. Rc2 b4 24. cxb4 Ba4 25. Re2 c3 26. Bd6 c2 27. Ree1 Bb5 28. Rab1 cxb1=Q 29. Rxb1 Bc4 30. Bc5 Rb7 31. Rd1 Bxa2 32. Rd2 Bc4 33. Rc2 Bd3 34. Rc3 Bxf1 35. Bxf1 Ne4 36. Rc2 Bxb4 37. f3 Nxc5 38. dxc5 Ra5 39. c6 Rc7 40. Bd3 g6 41. Kf2 Bc5 42. Ke2 Rxc6 43. e4 Rc7 44. Rb2 Bd6 45. Rd2 Bf4 46. Rb2 Ra3 47. Rb8+ 0-1

[Event "45th Olympiad 2024"]
[Site "Budapest HUN"]
[Date "2024.09.14"]
[Round "4.59"]
[Board "4"]
[White "McKennis, Darren"]
[Black "Semedo, Adelino"]
[Result "1-0"]
[WhiteElo "1905"]
[BlackElo "1827"]
[PlyCount "107"]
[EventDate "2024.09.11"]
[WhiteTeam "Jamaica"]
[BlackTeam "Sao Tome and Principe"]
[WhiteTeamCountry "JAM"]
[BlackTeamCountry "SAO"]

1. d4 d5 2. c4 c6 3. Nf3 e6 4. Qc2 Bb4+ ({RR} 4... dxc4 5. e4 b5 6. b3 cxb3 7. axb3 Nf6 8. Bd2 Bb7 9. Bd3 a5 10. O-O Be7 11. Nc3 Na6 12. Ne2 Nb4 13. Bxb4 Bxb4 14. Nf4 Rc8 15. Rfd1 h6 16. Bf1 O-O 17. e5 Nd5 18. Nh5 g6 19. Ng3 {0-1 Miroshnichenko,E (2619)-Tregubov,P (2556) Moscow Aeroflot op-A 2006 (1)}) 5. Nbd2 ({RR} 5. Bd2 Bxd2+ 6. Nbxd2 f5 7. e3 Nf6 8. Bd3 Ne4 9. Bxe4 dxe4 10. Ne5 c5 11. Qc3 b6 12. dxc5 bxc5 13. O-O-O Qc7 14. f3 exf3 15. gxf3 Bb7 16. Rhg1 Rg8 17. e4 Na6 18. exf5 O-O-O 19. fxe6 Rde8 {1-0 Stefansson,H (2529)-Steadman,M (2114) 31st World Senior 50+ 2023 (3.16)}) 5... Nd7 $146 ({RR} 5... dxc4 6. Qxc4 a5 7. g3 Nf6 8. Bg2 Nbd7 9. O-O O-O 10. Qc2 a4 11. Nc4 Nb6 12. a3 Be7 13. Nce5 Qd5 14. Rd1 Qb5 15. Bg5 h6 16. Bxf6 Bxf6 17. Rac1 Nd7 18. Nc4 Be7 19. Nfe5 Nf6 20. Nd3 {0-1 Gheorghiu,F (2495)-Rigo,J (2370) Berliner Sommer 02nd 1984 (6)}) ({RR} 5... Nf6 6. a3 Bd6 7. e4 dxe4 8. Nxe4 Nxe4 9. Qxe4 Nd7 10. Bd3 c5 11. O-O cxd4 12. Qxd4 Nf6 13. Rd1 Be7 14. Qf4 Bd7 15. b3 Qb6 16. b4 Ba4 17. Be3 Qd6 18. Bc2 Qc6 19. Ne5 g5 20. Qxg5 {1-0 Fraczek,D (2230)-Maciol,R (2185) POL-ch U18 Krynica 2003 (9)}) 6. a3 Bd6 7. g3 f5 8. b4 Ngf6 9. Bg2 b6 10. cxd5 cxd5 11. Qc6 Qc7 12. Qxa8 b5 13. Bb2 Nb6 14. Rc1 Qxc1+ 15. Bxc1 Nxa8 16. Nb1 Nb6 17. Bf4 Ne4 18. Ne5 Nc4 19. Nxc4 Bxf4 20. Bxe4 fxe4 21. gxf4 bxc4 22. Nc3 Bd7 23. Rg1 Kf7 24. Kd2 a6 25. f5 g6 26. fxe6+ Kxe6 27. Rg5 Bc6 28. Re5+ Kd6 29. a4 Re8 30. b5 axb5 31. axb5 Bd7 32. Rxd5+ Kc7 33. Rc5+ Kb6 34. Rxc4 Bf5 35. Rc5 e3+ 36. fxe3 Ra8 37. e4 Bg4 38. Nd5+ Kb7 39. Nf6 Ra2+ 40. Rc2 Rxc2+ 41. Kxc2 Bxe2 42. Nxh7 Bxb5 43. Kd2 Kc6 44. Ke3 Kd6 45. Kf4 Ke6 46. d5+ Kd6 47. Nf6 Ke7 48. e5 Bd3 49. Ne4 Bc2 50. Nc5 Bf5 51. Kg5 Kd8 52. d6 Ke8 53. Kf6 Kd8 54. e6 1-0

[Event "45th Olympiad 2024"]
[Site "Budapest HUN"]
[Date "2024.09.14"]
[Round "4.60"]
[Board "1"]
[White "Alfaro, William"]
[Black "Hasford, John Kojo"]
[Result "1-0"]
[WhiteElo "2133"]
[BlackElo "1956"]
[PlyCount "49"]
[EventDate "2024.09.11"]
[WhiteTeam "Nicaragua"]
[BlackTeam "Ghana"]
[WhiteTeamCountry "NCA"]
[BlackTeamCountry "GHA"]

1. d4 d6 2. Nf3 Nf6 3. c4 g6 4. g3 Nc6 5. Bg2 Bg7 6. Nc3 O-O 7. O-O a6 8. Bf4 h6 9. h3 ({RR} 9. Qc1 Kh7 10. Rd1 Bf5 11. h3 g5 12. g4 Bg6 13. Bg3 e6 14. d5 exd5 15. cxd5 Ne7 16. Nd4 Nd7 17. h4 gxh4 18. Bxh4 Ne5 19. Nf5 f6 20. Nxg7 Kxg7 21. Qf4 Qd7 22. Rd4 f5 23. g5 h5 {1-0 Cheparinov,I (2681)-Mamedov,N (2624) TUR-chT Kocaeli 2014 (2.3)}) 9... Bd7 ({RR} 9... g5 10. Be3 Bf5 11. Rc1 Rb8 12. d5 Na5 13. Nd4 Bd7 14. b3 c5 15. dxc6 bxc6 16. Qd3 Qc8 17. Kh2 c5 18. Nc2 Bf5 19. Qd2 Nc6 20. Nd5 Nxd5 21. Qxd5 Bxc2 22. Qxc6 Qxc6 23. Bxc6 Bg6 24. Bf3 {0-1 Novosel,L (2336)-Kevlishvili,R (2551) Titled Tue 3rd Sep Early 2024 (1)}) 10. Rc1 Re8 $146 ({RR} 10... Nh5 11. Be3 e5 12. Qd2 Kh7 13. Rfd1 exd4 14. Nxd4 Re8 15. Nd5 Nf6 16. Nxf6+ Qxf6 17. Nxc6 Bxc6 {½-½ Jurek,J (2274)-Burnett,A (2209) Olomouc IM-B 20th 2017 (3)}) ({RR} 10... Rb8 11. d5 Na5 12. b3 c5 13. dxc6 Nxc6 14. Qd2 g5 15. Be3 b5 16. cxb5 axb5 17. h4 b4 18. Na4 g4 19. Ne1 Ne5 20. Bxh6 Bxh6 21. Qxh6 Bb5 22. Qd2 Qa5 23. Nc2 Bxa4 24. bxa4 Ng6 25. Nd4 {1-0 Annaberdiev,M (2485)-Lagunow,R (2348) Warsaw Najdorf Memorial op-A 15th 2017 (6)}) 11. d5 Nb8 12. Qd2 Kh7 13. g4 c5 14. e4 b5 15. e5 b4 16. exf6 bxc3 17. bxc3 exf6 18. Rfe1 Bf8 19. Qb2 Ra7 20. Rb1 Bxg4 21. Rxe8 Qxe8 22. Qxb8 Qxb8 23. Rxb8 Bxf3 24. Rxf8 Bxg2 25. Kxg2 1-0

[Event "45th Olympiad 2024"]
[Site "Budapest HUN"]
[Date "2024.09.14"]
[Round "4.60"]
[Board "2"]
[White "Anquandah, Francis Eric"]
[Black "Rocha, Maximiliano"]
[Result "1/2-1/2"]
[WhiteElo "1941"]
[BlackElo "2156"]
[PlyCount "104"]
[EventDate "2024.09.11"]
[WhiteTeam "Ghana"]
[BlackTeam "Nicaragua"]
[WhiteTeamCountry "GHA"]
[BlackTeamCountry "NCA"]

1. e4 e5 2. Nf3 Nc6 3. Bc4 d6 4. h3 Be7 5. d4 exd4 6. Nxd4 Nf6 7. Nc3 O-O 8. O-O Re8 9. Nxc6 bxc6 10. Qd3 $146 ({RR} 10. f4 Bf8 11. e5 Nd7 12. Qf3 dxe5 13. Qxc6 Nb6 14. Bd3 Rb8 15. Qf3 Bb7 16. Be4 Bxe4 17. Qxe4 Qd4+ 18. Qxd4 exd4 19. Nb5 c5 20. Nxa7 Re2 21. Rf2 Re1+ 22. Rf1 Re2 23. Rf2 Rbe8 24. b3 c4 {0-1 Zorko,J-Beckemeier,W (2380) Berliner Sommer 06th 1988 (5)}) ({RR} 10. Qf3 Bf8 11. Bf4 Be6 12. Bb3 Nd7 13. Ba4 Rb8 14. Bxc6 Rxb2 15. Rab1 Rb6 16. Rxb6 axb6 17. Nd5 Bxd5 18. Bxd5 Qf6 19. Rb1 Nc5 20. Be3 Qg6 21. h4 h5 22. Bxc5 dxc5 23. g3 Be7 24. e5 Bxh4 {0-1 Volokitin,A (2681)-Sadhwani,R (2616) Chess.com Rapid Wk2 Swiss 2022 (5)}) ({RR} 10. Qf3 Bd7 11. b3 Qc8 12. Bb2 Be6 13. Bd3 Nd7 14. Qg3 Bf6 15. f4 Bd4+ 16. Kh1 f6 17. Qh4 Nc5 18. Rad1 Bf7 19. Rfe1 Qb7 20. Na4 Nxd3 21. Rxd3 Bxb2 22. Nxb2 Re7 23. Rg3 Kh8 24. e5 Rae8 {1-0 Spielmann,R-Jacobsen,E Schultz Memorial 1919 (12)}) 10... Be6 11. Bxe6 fxe6 12. f4 Qd7 13. b3 Rf8 14. Ne2 c5 15. Bb2 Rab8 16. Rad1 Qc6 17. Bxf6 Bxf6 18. c4 a5 19. Qf3 a4 20. Rd3 axb3 21. axb3 Rb6 22. e5 Qxf3 23. Rdxf3 Be7 24. Rd3 Rfb8 25. Rff3 Rd8 26. Kf2 d5 27. cxd5 exd5 28. f5 c6 29. Nf4 Re8 30. Kg3 Rb4 31. Ne6 c4 32. bxc4 Rxc4 33. Rc3 Re4 34. Rfe3 Rxe3+ 35. Rxe3 c5 36. Kf4 Kf7 37. Rc3 Rc8 38. g4 h6 39. h4 c4 40. g5 hxg5+ 41. hxg5 g6 42. Nd4 gxf5 43. Kxf5 Bc5 44. g6+ Ke7 45. Ne6 Bb4 46. Rc2 c3 47. Nf4 Rf8+ 48. Kg5 Rd8 49. Kh6 d4 50. g7 d3 51. Nxd3 Rxd3 52. Rg2 c2 1/2-1/2

[Event "45th Olympiad 2024"]
[Site "Budapest HUN"]
[Date "2024.09.14"]
[Round "4.60"]
[Board "3"]
[White "Sanchez, Steven"]
[Black "Anhwere, Bernard"]
[Result "1-0"]
[WhiteElo "2072"]
[BlackElo "1893"]
[PlyCount "79"]
[EventDate "2024.09.11"]
[WhiteTeam "Nicaragua"]
[BlackTeam "Ghana"]
[WhiteTeamCountry "NCA"]
[BlackTeamCountry "GHA"]

1. Nf3 Nf6 2. g3 g6 3. Bg2 Bg7 4. O-O O-O 5. c4 d6 6. Nc3 c5 7. d3 Nc6 8. a3 Rb8 9. Rb1 a5 10. Ne1 e6 ({RR} 10... Bd7 11. Nc2 Ne8 12. Bd2 Nc7 13. b4 axb4 14. axb4 cxb4 15. Nxb4 Nxb4 16. Rxb4 b5 17. cxb5 Nxb5 18. Nxb5 Rxb5 19. Rxb5 Bxb5 20. Qb3 Bd7 21. Rb1 Bg4 22. Kf1 Qc8 23. Bg5 Re8 24. Qb7 Qc2 25. Bf3 {0-1 Shapiro,V (2144)-Gaurav,R (2159) Titled Tue 1st Aug Early 2023 (4)}) 11. Bg5 h6 12. Bf4 e5 13. Be3 $146 ({RR} 13. Bd2 Ne7 14. Nc2 d5 15. Qc1 dxc4 16. dxc4 Kh7 17. Ne3 b6 18. Rd1 Bb7 19. Ncd5 Nc6 20. Nxf6+ Qxf6 21. Nd5 Qd8 22. e3 Ne7 23. Bc3 Bxd5 24. cxd5 Nf5 25. Qc2 Nd6 26. a4 Qc7 27. f4 exf4 {½-½ Drasch,R (2005)-Kauzky,H (1830) SLO-ch blind int 1997}) 13... Bg4 14. Nc2 Nd4 15. b4 axb4 16. axb4 b6 17. Bd2 Qd7 18. Ne3 Bh3 19. b5 Bxg2 20. Kxg2 Qb7+ 21. Ned5 Nxd5 22. Nxd5 Ra8 23. e4 Ra2 24. Bc3 Ne6 25. Qb3 Rfa8 26. Ra1 Rxa1 27. Rxa1 Rxa1 28. Bxa1 Nc7 29. Ne7+ Kf8 30. Nc6 Qa8 31. Bc3 Ne6 32. h4 Nd8 33. Nxd8 Qxd8 34. Qa4 Qc7 35. Qa8+ Ke7 36. Bd2 Qd8 37. Qa7+ Kf8 38. Ba5 Bf6 39. Bxb6 Qc8 40. Bc7 1-0

[Event "45th Olympiad 2024"]
[Site "Budapest HUN"]
[Date "2024.09.14"]
[Round "4.60"]
[Board "4"]
[White "Frempong-Smart Daniel"]
[Black "Ortiz, Marcos"]
[Result "0-1"]
[WhiteElo "1863"]
[BlackElo "2191"]
[PlyCount "70"]
[EventDate "2024.09.11"]
[WhiteTeam "Ghana"]
[BlackTeam "Nicaragua"]
[WhiteTeamCountry "GHA"]
[BlackTeamCountry "NCA"]

1. d4 Nf6 2. Nf3 d5 3. g3 c5 4. Bg2 cxd4 5. O-O h6 6. b3 Nc6 7. Nxd4 e5 8. Nxc6 bxc6 9. c4 Be6 10. Bb2 Qc7 11. cxd5 cxd5 12. Nc3 Rd8 13. Rc1 Qb8 14. Qd3 d4 $146 ({RR} 14... Bb4 15. Qb5+ Ke7 16. a4 d4 17. Ne4 Qxb5 18. axb5 Rc8 19. Nxf6 gxf6 20. Bb7 Rxc1 21. Rxc1 Ba5 22. Ba3+ Kd8 23. Bc5 Bb6 24. b4 Bd7 25. Ra1 Kc7 26. Bxb6+ Kxb6 27. Bc6 Bxc6 28. bxc6 Ra8 29. Rc1 {0-1 Rios Escobar,A (2276)-Bekturov,T (2214) Titled Tuesday intern op 28th Jun Late blitz 2022 (4)}) 15. Nb5 Bd6 16. e3 O-O 17. Nxd6 Qxd6 18. exd4 Bg4 19. Rc6 Qd7 20. Qa6 exd4 21. Rxf6 gxf6 22. Qxf6 Qe6 23. Qf4 d3 24. f3 Bf5 25. g4 Bh7 26. Bf6 Rd6 27. g5 Re8 28. Qh4 d2 29. Qxh6 Qe3+ 30. Kh1 Rxf6 31. Qxf6 Qe1 32. Qd4 Bc2 33. g6 d1=Q 34. gxf7+ Kxf7 35. Qf4+ Kg7 0-1

[Event "45th Olympiad 2024"]
[Site "Budapest HUN"]
[Date "2024.09.14"]
[Round "4.61"]
[Board "1"]
[White "Yahi, Mohamed Salem"]
[Black "Juarez Flores, Carlos A."]
[Result "0-1"]
[WhiteElo "1868"]
[BlackElo "2308"]
[PlyCount "100"]
[EventDate "2024.09.11"]
[WhiteTeam "Mauritania"]
[BlackTeam "Guatemala"]
[WhiteTeamCountry "MAU"]
[BlackTeamCountry "GUA"]

1. e4 c6 2. Nf3 d5 3. e5 e6 4. d4 c5 5. c3 Nc6 6. Bd3 f6 $146 ({RR} 6... Qb6 7. O-O Bd7 8. dxc5 Bxc5 9. Nbd2 f6 10. b4 Be7 11. Nb3 fxe5 12. b5 e4 13. bxc6 Qxc6 14. Nfd4 Qxc3 15. Be2 Nf6 16. Bd2 Qc7 17. Rc1 Qd8 18. Bf4 O-O 19. Be5 Qe8 20. Rc3 a6 21. Rg3 {1-0 Albareda,M-Pomar Salamanca,A ESP-ch Candidats 1943}) ({RR} 6... Qb6 7. O-O cxd4 8. cxd4 Bd7 9. Nc3 a6 10. Na4 Qa7 11. Be3 Nh6 12. Rc1 Nf5 13. Nc5 Nxe3 14. fxe3 Bxc5 15. Rxc5 O-O-O 16. Ng5 Be8 17. Nxf7 Bxf7 18. Rxf7 Rd7 19. Qf3 Qb6 20. Rxd7 Kxd7 21. Qf7+ {½-½ Swiercz,D (2646)-Suleymanli,S (2260) Titled Tue 15th Nov Late 2022 (4)}) ({RR} 6... Qc7 7. O-O Bd7 8. dxc5 Nxe5 9. b4 Nxd3 10. Qxd3 Nf6 11. Be3 a6 12. a4 Be7 13. c4 dxc4 14. Qxc4 Bc6 15. Bf4 Qc8 16. Ne5 Bd5 17. Qe2 O-O 18. Nc3 Rd8 19. Rfc1 b6 20. cxb6 Qb7 21. Nxd5 {0-1 Van Roon,S (2242)-Deveci,H (2250) Titled Tue 16th Jan Late 2024 (3)}) ({RR} 6... Qb6 7. O-O Bd7 8. dxc5 Bxc5 9. b4 Be7 10. b5 Na5 11. Nd4 Bc5 12. Qg4 g6 13. Be3 Ne7 14. Qg5 Nf5 15. Nd2 Nxd4 16. cxd4 Bxd4 17. Qf6 Rg8 18. Bg5 Bc5 19. Rfc1 Bf8 20. Nf3 h6 21. Be3 {1-0 De Agustin,M-Ingelmo Iglesias,A Madrid Gran Torneo 1943 (10)}) 7. a3 fxe5 8. dxe5 g6 9. O-O Bg7 10. Qe2 Nge7 11. Bg5 O-O 12. Nbd2 c4 13. Bc2 Qc7 14. Rfe1 Nf5 15. g4 Nh6 16. h3 Nf7 17. Bf4 Bd7 18. Rad1 b5 19. Bb1 a5 20. h4 Nh6 21. Bxh6 Bxh6 22. g5 Bg7 23. Nf1 Rf4 24. h5 Raf8 25. N1h2 Be8 26. h6 Bh8 27. Rd2 Qf7 28. Kg2 b4 29. axb4 axb4 30. Qe3 Qe7 31. Rde2 Bd7 32. Rg1 Qf7 33. Rge1 Bc8 34. Ng1 Nxe5 35. Nh3 Nf3 36. Nxf4 Nxe1+ 37. Rxe1 Qxf4 38. Qxf4 Rxf4 39. Kg3 Rf7 40. f4 bxc3 41. bxc3 Bxc3 42. Rf1 e5 43. Rd1 Rxf4 44. Rxd5 Be1+ 45. Kg2 Bb7 46. Be4 Bxd5 47. Bxd5+ Kf8 48. Nf3 Bc3 49. Kg3 Bb2 50. Nd2 c3 0-1

[Event "45th Olympiad 2024"]
[Site "Budapest HUN"]
[Date "2024.09.14"]
[Round "4.61"]
[Board "2"]
[White "Giron Chavez, David Emanuel"]
[Black "Abdellahi Khaled Abdellahi"]
[Result "1-0"]
[WhiteElo "2065"]
[BlackElo "1894"]
[PlyCount "141"]
[EventDate "2024.09.11"]
[WhiteTeam "Guatemala"]
[BlackTeam "Mauritania"]
[WhiteTeamCountry "GUA"]
[BlackTeamCountry "MAU"]

1. e4 c5 2. c3 Nf6 3. e5 Nd5 4. d4 cxd4 5. Nf3 Nc6 6. Bc4 Nb6 7. Bb3 d6 8. exd6 Qxd6 9. O-O Be6 10. Bxe6 Qxe6 11. cxd4 Qd7 ({RR} 11... g6 12. Nc3 Rd8 13. Nb5 Nd5 14. Qb3 Bg7 {0-1 Dhairya Amit Shroff (1459)-Eugen Mehul Shah (1744) 61st World Juniors 2024 (10.57)}) 12. Nc3 Rd8 ({RR} 12... e6 13. Bg5 h6 14. Bh4 Bb4 15. Qb3 O-O 16. Rfd1 Bxc3 17. bxc3 Rac8 18. a4 Qd5 19. Qxd5 exd5 20. a5 Nc4 21. a6 b6 22. Bg3 f6 23. Ne1 Kf7 24. Nd3 g5 25. h4 Rfe8 26. Re1 Rxe1+ 27. Rxe1 {½-½ Potapov,P (2516)-Mamedov,R (2703) Wch Rapid St Petersburg 2018 (1)}) 13. Bf4 $146 ({RR} 13. Be3 e6 14. Qe2 Bb4 15. Rad1 Nd5 16. Ne4 b6 17. Ne5 Nxe5 18. dxe5 O-O 19. Bg5 Be7 20. Qg4 Bxg5 21. Qxg5 h6 22. Qg3 Qa4 23. Nd6 Qxa2 24. Rd4 Ne7 25. Rg4 Ng6 26. Nxf7 Rxf7 27. Rxg6 Kh7 {0-1 Larem,P (1935)-Winter,L (2016) Hessen-ch Gr-C 2009 (3)}) ({RR} 13. Be3 e6 14. a4 Be7 15. a5 Nc4 16. a6 b6 17. Qe2 Nxe3 18. fxe3 O-O 19. Kh1 Rc8 20. Rfd1 Nb4 21. Ne5 Qc7 22. Nb5 Qb8 23. Nd7 Qa8 24. Nxf8 Bxf8 25. Rdc1 Nxa6 26. Rxc8 Qxc8 27. Nxa7 {1-0 Ezat,M (2396)-Remolar Gallen,J (2316) Titled Tue 27th Jun Late 2023 (10)}) 13... e6 14. Qb3 Bd6 15. Bxd6 Qxd6 16. Nb5 Qb8 17. Rfe1 O-O 18. Rad1 a6 19. Nc3 Nd5 20. Ne5 Qc7 21. Nc4 b5 22. Ne3 Nce7 23. Ne4 Qa7 24. a4 bxa4 25. Qxa4 Rb8 26. Qa3 Qb6 27. Rd2 Rfd8 28. Red1 h6 29. h3 a5 30. Nc4 Qb4 31. Nxa5 Qxa3 32. bxa3 Ra8 33. Nc4 Ra4 34. Rc1 Nf4 35. Nc5 Ra7 36. Kh2 Nf5 37. Rcd1 Nd6 38. Nxd6 Rxd6 39. a4 Nd5 40. Rb1 Nc7 41. Rb7 Rxb7 42. Nxb7 Rb6 43. Nc5 Na6 44. Rc2 Rc6 45. f4 f6 46. Rc1 e5 47. fxe5 fxe5 48. Nd3 Rxc1 49. Nxc1 exd4 50. Ne2 d3 51. Nc3 Kf7 52. Kg3 Ke6 53. Kf3 Ke5 54. Ke3 Nb4 55. a5 Kd6 56. Ne4+ Kd5 57. Nf2 Kc4 58. Nxd3 Nc6 59. a6 Kb5 60. Ke4 Kxa6 61. Kf5 Ne7+ 62. Ke6 Ng6 63. g3 Nh8 64. h4 Kb5 65. h5 g6 66. g4 gxh5 67. gxh5 Kc6 68. Ne5+ Kc7 69. Ng6 Kd8 70. Nxh8 Ke8 71. Ng6 1-0